[Event "TCh-HUN 2007-8"]
[Site "Budapest HUN"]
[Date "2008.05.18"]
[Round "11"]
[White "Prohaszka,P2"]
[Black "Videki,S"]
[Result "1-0"]
[WhiteElo "2470"]
[BlackElo "2420"]

1.d4 Nf6 2.c4 g6 3.Nc3 Bg7 4.e4 d6 5.Be2 O-O 6.Be3 e5 7.Nf3 exd4 8.Nxd4 Re8
9.f3 Nc6 10.Qd2 Nh5 11.O-O Nf4 12.Rad1 Nxd4 13.Bxd4 Bxd4+ 14.Qxd4 Qg5 15.g3 Nxe2+
16.Nxe2 b6 17.Nc3 Bb7 18.Rf2 Re7 19.Nd5 Bxd5 20.Qxd5 Qxd5 21.cxd5 Rf8 22.Rd4 f5
23.Kg2 Kg7 24.Rc2 a5 25.Rdc4 Rff7 26.Re2 Kf8 27.a3 Ke8 28.b4 axb4 29.axb4 fxe4
30.fxe4 Re5 31.b5 Rfe7 32.Kf3 Rf7+ 33.Ke3 Ree7 34.Re1 g5 35.Ra1 g4 36.Ra8+ Kd7
37.Ra7 Kd8 38.Ra8+ Kd7 39.Rca4 Rf3+ 40.Kd4 Rb3 41.Rg8 Rxb5 42.Raa8 c5+ 43.Ke3 Ra5
44.Rab8 Kc7 45.Rgc8+ Kd7 46.Rc6 Ra4 47.Rb7+ Ke8 48.Rxe7+ Kxe7 49.Rxb6 h5
50.Kf4 Ra2 51.Kf5 Rf2+ 52.Kg5 Rxh2 53.Rb7+ Kd8 54.Kf5 Kc8 55.Rg7 c4 56.Ke6 c3
57.Kxd6 c2 58.Rc7+ Kd8 59.e5 Rd2 60.Rc4 h4 61.e6 Ke8  1-0

[Event "TCh-HUN 2007-8"]
[Site "Budapest HUN"]
[Date "2008.05.18"]
[Round "11"]
[White "Bacso,G"]
[Black "Kerek,C"]
[Result "1-0"]
[WhiteElo "2153"]
[BlackElo "2289"]

1.d4 Nf6 2.Nf3 g6 3.c4 Bg7 4.Nc3 O-O 5.e4 d6 6.Be2 e5 7.O-O exd4 8.Nxd4 Re8
9.f3 Nc6 10.Be3 Nh5 11.Qd2 Nf4 12.Rfd1 Nxe2+ 13.Ndxe2 Qe7 14.Bf2 f5 15.exf5 gxf5
16.Re1 Qf7 17.b3 Bd7 18.Rad1 Ne5 19.Kh1 Ng6 20.Nb5 Bc6 21.Nxa7 Rxa7 22.Bxa7 b6
23.a4 Ne5 24.Nd4 Ba8 25.a5 Qh5 26.f4 Bh6 27.Qe2 Qh4 28.Nxf5  1-0

[Event "TCh-CHN Torch Real Estate Cup"]
[Site "Jiangsu Wuxi CHN"]
[Date "2008.05.19"]
[Round "7"]
[White "Shen Yang"]
[Black "Zhang Xiaowen"]
[Result "1-0"]
[WhiteElo "2439"]
[BlackElo "2361"]

1.d4 Nf6 2.c4 g6 3.Nc3 Bg7 4.e4 d6 5.Nf3 O-O 6.Be2 e5 7.Be3 Ng4 8.Bg5 f6
9.Bh4 g5 10.Bg3 Nh6 11.d5 Nd7 12.Nd2 f5 13.exf5 Nf6 14.Nde4 Nxe4 15.Nxe4 Bxf5
16.Bd3 g4 17.O-O Qe8 18.c5 Qg6 19.Re1 Nf7 20.Rc1 Ng5 21.Nxg5 Bxd3 22.Ne6 Rf7
23.Nxg7 Kxg7 24.a4 Bf5 25.Qb3 Rb8 26.cxd6 cxd6 27.Rxe5 Rbf8 28.Re3 h5 29.Rce1 Rc8
30.Qb4 Rc5 31.Qd4+ Kh7 32.Re8 Rg7 33.Rf8 Be4 34.h4 Bxd5 35.b4  1-0

[Event "ch-LTU"]
[Site "Kaunas LTU"]
[Date "2008.05.19"]
[Round "4"]
[White "Pileckis,E"]
[Black "Savickas,A"]
[Result "1-0"]
[WhiteElo "2403"]
[BlackElo "2373"]

1.d4 Nf6 2.c4 g6 3.Nc3 Bg7 4.e4 d6 5.Nf3 O-O 6.Be2 e5 7.O-O Na6 8.Be3 c6
9.Qc2 exd4 10.Nxd4 Ng4 11.Bxg4 Bxg4 12.f3 Bd7 13.Rad1 Qe7 14.Qd2 Rfd8 15.Rfe1 Nc5
16.Bf4 Be5 17.Nde2 Be6 18.b3 a5 19.Bg5 Bf6 20.Bxf6 Qxf6 21.f4 a4 22.b4 Na6
23.b5 Nc5 24.bxc6 bxc6 25.Nd4 Rac8 26.Nxe6 fxe6 27.Rf1 e5 28.f5 gxf5 29.Rxf5 Qe7
30.Qh6 Ne6 31.Ne2 Rf8 32.h4 Kh8 33.Rdf1 Ng7 34.Rxf8+ Rxf8 35.Rxf8+ Qxf8 36.c5 dxc5
37.Qxc6 Nh5 38.Qxa4 Qd8 39.Qc6 Nf6 40.Qe6 Qd1+ 41.Kh2 Kg7 42.Qe7+ Kg6 43.h5+ Kxh5
44.Qf7+ Kg4 45.Qg7+  1-0

[Event "ch-Catalunya"]
[Site "Barcelona ESP"]
[Date "2008.05.20"]
[Round "2.2"]
[White "Beltran Rueda,S"]
[Black "Lopez Martinez,Josep"]
[Result "0-1"]
[WhiteElo "2428"]
[BlackElo "2576"]

1.Nf3 Nf6 2.c4 g6 3.Nc3 Bg7 4.d4 d6 5.e4 O-O 6.Be2 e5 7.d5 a5 8.Bg5 Na6 9.Nd2 Qe8
10.O-O Bd7 11.Rb1 h5 12.b3 Nh7 13.Be3 f5 14.f3 h4 15.h3 Bf6 16.a3 Bg5 17.Bf2 Nc5
18.b4 axb4 19.axb4 Na4 20.Nxa4 Bxa4 21.Qe1 Qe7 22.c5 Bc2 23.Rb2 fxe4 24.Nxe4 Bxe4
25.fxe4 Ra3 26.Bg4 Kg7 27.b5 Nf6 28.Bf3 dxc5 29.b6 Rf7 30.Rb5 cxb6 31.Rxb6 Qc7
32.Re6 c4 33.Bxh4 Bxh4 34.Qxh4 Ra6 35.Kh2 Rxe6 36.dxe6 Rf8 37.Qg5 Qd6 38.Rb1 b6
39.e7 Rb8 40.h4 Nh7 41.Qg3 Qxe7 42.Rb5 c3 43.Rxe5 Qd6 44.h5 Rd8 45.Bd1 b5
46.Bb3 b4 47.Kh1 g5 48.Rxg5+ Nxg5 49.Qxg5+ Kh8 50.e5 Qf8 51.e6 Re8 52.h6 Re7
53.Qe5+ Kg8 54.Qg5+ Kh8 55.Kh2 c2 56.Kg1 Qf5 57.Qe3 Rc7 58.Qd4+ Kh7  0-1

[Event "TCh-CHN Torch Real Estate Cup"]
[Site "Jiangsu Wuxi CHN"]
[Date "2008.05.20"]
[Round "8"]
[White "Tan Zhongyi"]
[Black "Wang Doudou"]
[Result "1-0"]
[WhiteElo "2353"]
[BlackElo "2190"]

1.d4 Nf6 2.c4 g6 3.Nc3 Bg7 4.e4 d6 5.Nf3 O-O 6.Be2 e5 7.d5 a5 8.Bg5 Na6 9.Nd2 Qe8
10.a3 Bd7 11.b3 h6 12.Be3 Nh7 13.Qb1 f5 14.f3 Nf6 15.b4 b6 16.bxa5 bxa5 17.Qb7 Qe7
18.Ba7 Nc5 19.Bxc5 dxc5 20.Rb1 fxe4 21.Ndxe4 Nxe4 22.Nxe4 Qh4+ 23.g3 Qh3
24.Qxc7 Rac8 25.Qd6 Rf7 26.Rb7 Be8 27.Rxf7 Bxf7 28.Kd2 h5 29.Rb1 Rf8 30.Rb8 Qf5
31.Nf6+  1-0

[Event "Guillermo Garcia Mem"]
[Site "Santa Clara CUB"]
[Date "2008.05.22"]
[Round "4"]
[White "Hernandez Carmenates,Hold"]
[Black "Martinez,Lel"]
[Result "1-0"]
[WhiteElo "2568"]
[BlackElo "2499"]

1.d4 Nf6 2.Nf3 g6 3.c4 Bg7 4.Nc3 O-O 5.e4 d6 6.Be2 e5 7.O-O Nbd7 8.Re1 Re8
9.Bf1 c6 10.d5 c5 11.a3 a6 12.b4 Bf8 13.Rb1 Nh5 14.g3 Ng7 15.bxc5 Nxc5 16.Na4 Qc7
17.Nxc5 dxc5 18.Qb3 Rd8 19.Bg5 Rd6 20.Bd2 f6 21.Bc3 Qe7 22.a4 a5 23.Qc2 Ne8
24.Rb5 b6 25.Reb1 Ra6 26.Ne1 Nc7 27.R5b2 Bd7 28.f4 Qe8 29.Ra2 Ra8 30.fxe5 fxe5
31.Qb2 Bg7 32.Nd3 Bxa4 33.Bxe5 Bxe5 34.Nxe5 Bb3 35.Ng4 h5 36.Nh6+ Kh7 37.Qxb3 Kxh6
38.Qe3+ Kh7 39.e5 Rxd5 40.cxd5 Nxd5 41.Qg5 Ra7 42.Rd2 Nb4 43.Rd6 a4 44.Rxb4 cxb4
45.Bd3  1-0

[Event "TCh-UKR"]
[Site "Alushta UKR"]
[Date "2008.05.25"]
[Round "6"]
[White "Opryshko,S"]
[Black "Gusev,D"]
[Result "1-0"]
[WhiteElo "2247"]
[BlackElo "2103"]

1.d4 Nf6 2.c4 g6 3.Nc3 Bg7 4.e4 d6 5.Be2 O-O 6.Nf3 e5 7.d5 a5 8.Bg5 h6 9.Bh4 g5
10.Bg3 Nh5 11.Nd2 Nf4 12.O-O Na6 13.b3 Nc5 14.Rb1 Bd7 15.Re1 Qf6 16.Bg4 h5
17.Bxh5 Nxh5 18.Qxh5 Nd3 19.Rf1 Bh6 20.Qf3 Nf4 21.Bxf4 exf4 22.g4 Qd4 23.Rfd1 Bxg4
24.Qxg4 Qxc3 25.Nf3 f5 26.exf5 Rxf5 27.Qxf5 Qxf3 28.Rd3 Qe2 29.Rh3 Kg7 30.Qd3 Qg4+
31.Kh1 Re8 32.Rg1 Qe2 33.Qc3+ Kg6 34.Rxh6+ Kxh6 35.Qf6+ Kh7 36.Qf5+ Kh8 37.Qh3+ Kg7
38.Rxg5+ Kf6 39.Qf5+ Ke7 40.Rg7+  1-0

[Event "LXXII ch-CRC Fase 1"]
[Site "Moravia CRC"]
[Date "2008.05.25"]
[Round "9"]
[White "Vargas Serano,P"]
[Black "Machado Ramirez,A"]
[Result "1/2-1/2"]
[WhiteElo "1829"]
[BlackElo "2068"]

1.d4 Nf6 2.c4 g6 3.Nf3 Bg7 4.Nc3 d6 5.e4 O-O 6.Be2 e5 7.d5 Nbd7 8.Be3 Ne8
9.g4 a6 10.h4 Rb8 11.Qd2 Ra8 12.O-O-O Rb8  1/2-1/2

[Event "LXXII ch-CRC Fase 1"]
[Site "Moravia CRC"]
[Date "2008.05.25"]
[Round "9"]
[White "Brenes,J"]
[Black "Minero Pineda,C"]
[Result "0-1"]
[WhiteElo "1968"]
[BlackElo "2142"]

1.d4 Nf6 2.c4 g6 3.Nc3 Bg7 4.e4 d6 5.Nf3 O-O 6.Be2 Nbd7 7.O-O e5 8.d5 Nc5
9.Qc2 a5 10.Be3 b6 11.a3 Ng4 12.Bd2 a4 13.h3 Nh6 14.Be3 Nb3 15.Rad1 Bd7 16.Ng5 Nd4
17.Qd2 Nb3 18.Qc2 Qe7 19.Nb5 Bc8 20.f4 exf4 21.Bxf4 Ba6 22.Be3 Nf5 23.Bf2 Bxb5
24.exf5 Bd7 25.fxg6 Qxg5 26.gxh7+ Kh8 27.g4 Be5 28.Rd3 Bf5  0-1

[Event "Doroshkevich mem"]
[Site "Maykop RUS"]
[Date "2008.05.27"]
[Round "4"]
[White "Zakhartsov,Vi"]
[Black "Gochelashvili,D"]
[Result "1-0"]
[WhiteElo "2580"]
[BlackElo "2442"]

1.d4 Nf6 2.c4 g6 3.Nc3 Bg7 4.e4 d6 5.Nf3 O-O 6.Be2 e5 7.O-O Na6 8.Be3 Ng4
9.Bg5 Qe8 10.c5 exd4 11.Nd5 Nxc5 12.Nxc7 Qxe4 13.Re1 Rb8 14.Bc4 Qc6 15.Nd5 Qa4
16.b3 Qa3 17.Bc1 Qa5 18.Bd2 Qd8 19.Bg5 Nf6 20.Re7 Nxd5 21.Rxf7 Qa5 22.Rxg7+ Kxg7
23.Bxd5 Ne6 24.Bxe6 Bxe6 25.Qxd4+ Kg8 26.Bh6 Rf7 27.Ng5 Re7 28.Nxe6 Qh5 29.Bf8 Rxf8
30.Nxf8 Kxf8 31.Qxa7 Qe5 32.Rf1 d5 33.Qc5 d4 34.Qxe5 Rxe5 35.Rd1 Re2 36.g3 Rxa2
37.Rxd4 Rc2 38.Rd7 b5 39.Rd5 b4 40.Rb5 Rb2 41.Rxb4 Kg7 42.Rb7+ Kf6 43.Rxh7 Rxb3
44.h4 Ra3 45.Kg2 Ra4 46.Kf3 Ra2 47.h5 Kg5 48.hxg6 Kxg6 49.Rc7 Ra4 50.Rc6+ Kg5
51.Rc5+ Kf6 52.g4 Rb4 53.Kg3 Rb1 54.Rc6+ Ke5 55.f4+ Kd5 56.Rf6 Rg1+ 57.Kf3 Rf1+
58.Kg2 Rb1 59.g5 Ke4 60.g6 Rb2+ 61.Kg3 Rb1 62.Kg4 Rg1+ 63.Kh5  1-0

[Event "ch-CHN w"]
[Site "Beijing CHN"]
[Date "2008.05.30"]
[Round "2"]
[White "Zhao Xue"]
[Black "Zhang Xiaowen"]
[Result "1-0"]
[WhiteElo "2523"]
[BlackElo "2361"]

1.d4 Nf6 2.c4 g6 3.Nc3 Bg7 4.e4 d6 5.Nf3 O-O 6.Be2 e5 7.Be3 Ng4 8.Bg5 f6
9.Bc1 f5 10.exf5 exd4 11.Bg5 Qe8 12.Nd5 d3 13.Qxd3 Bxf5 14.Qd2 Qd7 15.h3 Ne5
16.Nd4 Nbc6 17.Nxf5 gxf5 18.Be3 Ng6 19.O-O Rae8 20.Rfe1 Kh8 21.Rac1 b6 22.b3 Nd8
23.Bh5 Re4 24.f3 Re5 25.Bxg6 hxg6 26.Bd4 Ne6 27.Bxe5 dxe5 28.Rcd1 c6 29.Nf4 Qf7
30.Nxe6 Qxe6 31.Qd7 Re8 32.Rd6 Qxd7 33.Rxd7 Bf8 34.Red1 Bc5+ 35.Kf1 Bd4 36.Rd6 c5
37.Rxg6 e4 38.fxe4 Rxe4 39.Rd2 Rf4+ 40.Ke2 Re4+ 41.Kd1 f4 42.Rd6 Re7 43.R2xd4 cxd4
44.Rxd4 Rg7 45.Rxf4 Rxg2 46.Rh4+  1-0

[Event "XXVII Open"]
[Site "Zalakarosi HUN"]
[Date "2008.05.30"]
[Round "9"]
[White "Pataki,G"]
[Black "Csirik,A"]
[Result "1/2-1/2"]
[WhiteElo "2386"]
[BlackElo "2225"]

1.d4 Nf6 2.c4 g6 3.Nc3 Bg7 4.e4 d6 5.Nf3 O-O 6.Be2 e5 7.d5 a5 8.Bg5 Na6 9.Nd2 Qe8
10.O-O Bd7 11.b3 h6 12.Bh4 Nh7 13.a3 Bf6 14.Bxf6 Nxf6 15.Rb1 Nh7 16.b4 axb4
17.axb4 f5 18.exf5 gxf5 19.c5 dxc5 20.Bxa6 Rxa6 21.bxc5 Qe7 22.Rxb7 Qxc5
23.Qe2 Qxc3 24.Qxa6 Qxd2 25.Rxc7 Qxd5 26.Qxh6 Rf7 27.f3 Rg7 28.Qe3 Ng5 29.Kh1 Ne6
30.Rc2 f4 31.Qb6 Nd4 32.Rc5 Qa2 33.Qd8+ Kh7 34.Qh4+ Kg8 35.Qd8+ Kh7  1/2-1/2

[Event "XXVII Open"]
[Site "Zalakarosi HUN"]
[Date "2008.05.30"]
[Round "9"]
[White "Amstadt,A"]
[Black "Magyar,An"]
[Result "1/2-1/2"]
[WhiteElo "2063"]
[BlackElo "2245"]

1.d4 Nf6 2.c4 g6 3.Nc3 Bg7 4.e4 d6 5.Nf3 O-O 6.Be2 e5 7.d5 a5 8.Bg5 h6 9.Bh4 Nbd7
10.Nd2 Nc5 11.Nb3 b6 12.Nxc5 bxc5 13.Qc2 Bd7 14.O-O-O Qb8 15.Bxf6 Bxf6 16.h4 Qd8
17.g3  1/2-1/2

[Event "Open"]
[Site "Conegliano ITA"]
[Date "2008.05.31"]
[Round "1"]
[White "Naumkin,I"]
[Black "Codenotti,M"]
[Result "1-0"]
[WhiteElo "2494"]
[BlackElo "2063"]

1.d4 Nf6 2.c4 g6 3.Nc3 Bg7 4.e4 d6 5.Nf3 O-O 6.Be2 e5 7.d5 a5 8.Bg5 h6 9.Bh4 Na6
10.O-O g5 11.Bg3 Nh5 12.Nd2 Nf4 13.Bg4 Bxg4 14.Qxg4 h5 15.Qd1 g4 16.f3 Qg5
17.fxg4 hxg4 18.Kh1 Nh5 19.Rf5 Nxg3+ 20.hxg3 Qh6+ 21.Kg1 Qe3+ 22.Rf2 f5 23.Nf1 Qb6
24.Qe2 fxe4 25.Nxe4 Nc5 26.Nfd2 Nxe4 27.Nxe4 Rf5 28.Rf1 Raf8 29.c5 Rxf2 30.cxb6 Rxe2
31.Rxf8+ Bxf8 32.bxc7 Rxe4 33.c8=Q Rd4 34.Qxb7 Kh8 35.Qa8 Kg8 36.Qxa5 e4
37.Qc3 Bg7 38.Qc8+ Kh7 39.Qf5+ Kh8 40.Qh5+ Kg8 41.Qxg4 Kh8 42.a4  1-0

[Event "Open"]
[Site "Conegliano ITA"]
[Date "2008.06.01"]
[Round "2"]
[White "Dussin,D"]
[Black "Forato,E"]
[Result "0-1"]
[WhiteElo "1893"]
[BlackElo "2037"]

1.d4 Nf6 2.c4 g6 3.Nc3 Bg7 4.e4 O-O 5.Nf3 d6 6.Be3 e5 7.Be2 Nc6 8.h3 exd4
9.Nxd4 Re8 10.Nxc6 bxc6 11.Qc2 Qe7 12.Bd3 Nxe4 13.Nxe4 f5 14.f3 fxe4 15.Bxe4 Bf5
16.O-O Bxe4 17.Qxe4 Qxe4 18.fxe4 Rxe4 19.Rf3 Rxe3 20.Rxe3 Bd4 21.Kf2 Re8
22.Re1 Rxe3 23.Rxe3 Kf7 24.Kf3 Bxe3 25.Kxe3 c5 26.a3 a5 27.Ke4 Ke6 28.b3 c6
29.g3 d5+ 30.Ke3 g5 31.Kf3 Ke5 32.Ke3 h5 33.a4 h4 34.gxh4 gxh4 35.Ke2 Ke4  0-1

[Event "XXX Nezhmetdinov Mem"]
[Site "Kazan RUS"]
[Date "2008.06.02"]
[Round "2"]
[White "Iskusnyh,S"]
[Black "Pavlovski,Y"]
[Result "1-0"]
[WhiteElo "2467"]
[BlackElo "2263"]

1.d4 Nf6 2.c4 g6 3.Nc3 Bg7 4.e4 d6 5.Nf3 O-O 6.Be2 e5 7.O-O Nbd7 8.Be3 c6
9.d5 c5 10.Ne1 Ne8 11.g4 Kh8 12.Kh1 f5 13.gxf5 gxf5 14.exf5 Ndf6 15.Nf3 e4
16.Ng5 Bxf5 17.f3 Qe7 18.fxe4 Nxe4 19.Ncxe4 Bxe4+ 20.Bf3 Bf5 21.Qd2 Nc7 22.Rae1 Qd7
23.Bf4 Rae8 24.Rxe8 Nxe8 25.b3 b6 26.Re1 Nc7 27.Bg2 a6 28.a4 a5 29.Bg3 h6
30.Ne6 Nxe6 31.dxe6 Bxe6 32.Qxd6 Qxd6 33.Bxd6 Re8 34.Bc7 Bc3 35.Re3 Bb4 36.Kg1 Bd7
37.Rxe8+ Bxe8 38.Be4 Kg7 39.Bxb6 Bh5 40.Bc2 Bg4 41.Kf2 Kf6 42.Ke3 Be6 43.Bd8+ Kf7
44.Bc7 Kf6 45.Bg3 Ba3 46.Bh4+ Ke5 47.Bg3+ Kf6 48.Be1 Bb4 49.Bxb4 axb4 50.Kf4 Bd7
51.Be4 Bc8 52.Bf3 Ba6 53.Bc6 Ke6 54.Kg4 Ke5 55.Bb5 Bb7 56.a5 Be4 57.Kh5 Bc2
58.Ba4 Kd6 59.Kxh6 Kc7 60.h4 Kb7 61.h5 Ka6 62.Kg7  1-0

[Event "XXX Nezhmetdinov Mem"]
[Site "Kazan RUS"]
[Date "2008.06.03"]
[Round "3"]
[White "Chernova,A"]
[Black "Ozolin,M"]
[Result "0-1"]
[WhiteElo "2195"]
[BlackElo "2367"]

1.d4 Nf6 2.c4 g6 3.Nc3 Bg7 4.e4 d6 5.Nf3 O-O 6.Be2 e5 7.Be3 Ng4 8.dxe5 Nxe3
9.fxe3 dxe5 10.Qxd8 Rxd8 11.Kf2 Na6 12.Rhd1 Re8 13.h4 f6 14.Rd2 Be6 15.a3 c6
16.b4 Bf8 17.c5 Nc7 18.Na4 Red8 19.Rad1 Rxd2 20.Rxd2 Kf7 21.Bc4 Bxc4 22.Rd7+ Be7
23.Rxc7 Rb8 24.Nd2 Be6 25.Nb2 Ke8 26.b5 cxb5 27.c6 Kd8 28.Rxb7 Rxb7 29.cxb7 Kc7
30.Nb1 Kxb7 31.Ke2 a5 32.a4 Bb4 33.axb5 Kb6 34.Kd3 Kxb5 35.Nc3+ Bxc3 36.Kxc3 a4
37.Nd1 a3 38.Nf2 a2 39.Kb2 Kc4  0-1

[Event "58th ch-RUS w HL"]
[Site "Chelyabinsk RUS"]
[Date "2008.06.04"]
[Round "1"]
[White "Grabuzova,T"]
[Black "Semenova,Ir"]
[Result "1-0"]
[WhiteElo "2379"]
[BlackElo "2277"]

1.d4 Nf6 2.c4 g6 3.Nc3 Bg7 4.e4 O-O 5.Nf3 d6 6.Be2 e5 7.d5 a5 8.h3 Na6 9.Bg5 h6
10.Be3 Nc5 11.Nd2 Nfd7 12.g4 a4 13.Nf1 f5 14.gxf5 gxf5 15.exf5 a3 16.b4 e4
17.Rg1 Qf6 18.Qd4 Ne5 19.bxc5 Kh7 20.Nxe4 Qxf5 21.Rxg7+ Kxg7 22.Nfg3 Qxh3
23.cxd6  1-0

[Event "58th ch-RUS w HL"]
[Site "Chelyabinsk RUS"]
[Date "2008.06.05"]
[Round "2"]
[White "Shumiakina,T"]
[Black "Savina,A"]
[Result "1/2-1/2"]
[WhiteElo "2360"]
[BlackElo "2249"]

1.d4 Nf6 2.c4 g6 3.Nc3 Bg7 4.e4 d6 5.Nf3 O-O 6.Be2 e5 7.O-O Na6 8.Be3 Ng4
9.Bg5 Qe8 10.dxe5 dxe5 11.h3 f6 12.Bc1 Nh6 13.c5 Nxc5 14.Be3 Ne6 15.Nb5 a6
16.Nxc7 Nxc7 17.Qc1 Ne6 18.Bxh6 Bxh6 19.Qxh6 Nf4 20.Rfe1 Be6 21.Bf1 Rd8 22.g3 Nd3
23.Re2 Qe7 24.a3 Nc5 25.Rae1 Nb3 26.Rc2 Rc8 27.Rxc8 Rxc8 28.Qe3 Qc5 29.Qxc5 Rxc5
30.Rd1 Kf7 31.Ne1 Ke7 32.Kg2 a5 33.Bd3 b5 34.Nc2 Bc4 35.Ne3 Bxd3 36.Rxd3 Nd4
37.b4 axb4 38.axb4 Rc1 39.Ra3 Nc6 40.Nd5+ Kf7 41.Ra6 f5 42.Rb6 fxe4 43.Rxb5 Nd4
44.Rb7+ Ke6 45.Nc7+ Kf5 46.g4+ Kg5 47.h4+ Kxg4 48.Nd5 Nc2 49.Nf6+ Kxh4 50.Rxh7+ Kg5
51.Nxe4+ Kf4 52.Nc5 e4 53.Rh1 Rxh1 54.Kxh1 e3 55.fxe3+ Nxe3 56.b5 Nd5 57.Kg2 Ke5
58.Kg3  1/2-1/2

[Event "58th ch-RUS w HL"]
[Site "Chelyabinsk RUS"]
[Date "2008.06.05"]
[Round "2"]
[White "Nebolsina,V"]
[Black "Girya,O"]
[Result "1/2-1/2"]
[WhiteElo "2345"]
[BlackElo "2361"]

1.d4 Nf6 2.c4 g6 3.Nc3 Bg7 4.e4 d6 5.Be2 O-O 6.Nf3 e5 7.Be3 Na6 8.O-O Ng4
9.Bg5 Qe8 10.Re1 exd4 11.Nd5 f6 12.Bf4 Ne5 13.Nxd4 c6 14.Nc3 Qf7 15.Bg3 Nc5
16.f4 Nxc4 17.b3 Nb6 18.f5 Re8 19.Bf3 Bf8 20.Nde2 Ncd7 21.Bxd6 Ne5 22.Bxe5 Rxe5
23.Nf4 gxf5 24.Nd3 Re7 25.Bh5 Qg7 26.Qf3 fxe4 27.Nxe4 Nd5 28.Nf4 f5 29.Nf2 Re3
30.Rxe3 Qxa1+ 31.Nd1 Nxe3 32.Qxe3 Bd7 33.Nd3 Bg7 34.Qe7 Qd4+ 35.N1f2 Rf8
36.g3 Bf6 37.Qe2 c5 38.Bf3 Re8 39.Qc2 b6 40.Kg2 Bb5 41.Nf4 Re1 42.Bd5+ Kh8
43.Qxf5 Bf1+ 44.Kf3 Re3+ 45.Kg4 Be2+ 46.Kh3 Bf1+ 47.Kg4 Qe5 48.Qc8+ Qe8 49.Qf5 Qe5
50.Qc8+ Qe8 51.Qf5 Qf8 52.Ne4 Bg7 53.Qd7 Be2+ 54.Nxe2 Rxe2 55.h4 h6 56.Qe6 Re3
57.Kh5 Rf3 58.Nd6 Rf6 59.Nf7+ Rxf7 60.Qxf7 Qxf7+ 61.Bxf7 Be5 62.Kxh6 Bxg3
63.h5 b5 64.Kg6 c4 65.bxc4 bxc4 66.Bxc4 Bf2  1/2-1/2

[Event "XXX Nezhmetdinov Mem"]
[Site "Kazan RUS"]
[Date "2008.06.05"]
[Round "5"]
[White "Bronnikov,K1"]
[Black "Gubajdullin,A"]
[Result "0-1"]
[WhiteElo "2210"]
[BlackElo "2456"]

1.d4 Nf6 2.Nf3 g6 3.c4 Bg7 4.Nc3 O-O 5.e4 d6 6.Be2 Nbd7 7.O-O e5 8.dxe5 dxe5
9.Re1 c6 10.Rb1 a5 11.Bf1 Qe7 12.Na4 Rb8 13.Qc2 b5 14.cxb5 cxb5 15.Nc3 b4
16.Nd5 Nxd5 17.exd5 Bb7 18.Qb3 Qd6 19.Rd1 Nb6 20.Be3 a4 21.Qd3 Nxd5 22.Qb5 Qc6
23.Bc5 Rfd8 24.Bc4 Qxb5 25.Bxb5 a3 26.h4 axb2 27.Rxb2 e4 28.Nd4 Nc3 29.Rdd2 Nxb5
30.Nxb5 Bxb2 31.Rxb2 Rd5 32.Ba7 Ra8 33.Rxb4  0-1

[Event "Alushta Summer-3"]
[Site "Alushta UKR"]
[Date "2008.06.06"]
[Round "6"]
[White "Matsegora,T"]
[Black "Shvyrjov,I"]
[Result "1/2-1/2"]
[WhiteElo "2207"]
[BlackElo "2432"]

1.Nf3 Nf6 2.d4 d6 3.c4 g6 4.Nc3 Bg7 5.e4 O-O 6.Be2 e5 7.dxe5 dxe5 8.Qxd8 Rxd8
9.Bg5 Re8 10.Nd5 Nxd5 11.cxd5 c6 12.Bc4 cxd5 13.Bxd5 Nd7 14.Nd2 Nc5 15.O-O-O Ne6
16.Be3 Nf4 17.Bxf4 exf4 18.f3 Be6 19.Nb3 Rac8+ 20.Kb1 Bxd5 21.Rxd5 f5 22.exf5 Re2
23.Rd2 Rxd2 24.Nxd2 gxf5 25.b3 Re8 26.g3 Re2 27.Kc2 fxg3 28.hxg3  1/2-1/2

[Event "ch-CHN w"]
[Site "Beijing CHN"]
[Date "2008.06.06"]
[Round "9"]
[White "Shen Yang"]
[Black "Gu Xiaobing"]
[Result "1/2-1/2"]
[WhiteElo "2439"]
[BlackElo "2225"]

1.d4 Nf6 2.c4 g6 3.Nc3 Bg7 4.Nf3 O-O 5.e4 d6 6.Be2 e5 7.O-O Na6 8.a3 exd4
9.Nxd4 Nc5 10.f3 a5 11.b3 Nh5 12.Be3 f5 13.exf5 gxf5 14.b4 axb4 15.axb4 Rxa1
16.Qxa1 Ne6 17.Nxe6 Bxe6 18.Qc1 f4 19.Bf2 Qg5 20.Re1 Be5 21.Bf1 Ng7 22.Nb5 c6
23.Nd4 Bd7 24.Qd1 Qf6 25.Re2 Ra8 26.Rd2 Nf5 27.Nxf5 Ra1 28.Qb3 Bxf5 29.Rd1 Rxd1
30.Qxd1 Bc3 31.b5 Qe5 32.bxc6 bxc6 33.g3 c5 34.Bd3 fxg3 35.hxg3 Bd4 36.Kg2 Bxf2
37.Kxf2 Qd4+ 38.Ke2 Qb2+ 39.Ke3 Qc3 40.Qd2 Qd4+ 41.Ke2 Qe5+ 42.Kf2 Qd4+ 43.Ke2 Qe5+
44.Kf2 Qd4+ 45.Ke2 Qe5+  1/2-1/2

[Event "ch-PAR"]
[Site "Asuncion PAR"]
[Date "2008.06.07"]
[Round "3"]
[White "Kropff,R"]
[Black "Piris Tillner,E"]
[Result "0-1"]
[WhiteElo "2282"]
[BlackElo "1909"]

1.d4 Nf6 2.Nf3 g6 3.c4 Bg7 4.Nc3 O-O 5.e4 d6 6.Be2 e5 7.d5 c5 8.Bg5 h6 9.Bh4 a6
10.O-O Nbd7 11.a3 Qc7 12.Nd2 Kh8 13.Rb1 Ng8 14.f3 f5 15.Bf2 f4 16.b4 b6 17.Qa4 Bb7
18.Qc2 g5 19.Nb3 Rfb8 20.bxc5 bxc5 21.Rb2 Bc8 22.Na4 Nb6 23.Nxb6 Rxb6 24.Be1 Qd7
25.Ba5 Rb7 26.Rfb1 Qa4 27.Qc3 Rab8 28.Bd1 Qxa3 29.Bc2 Bd7 30.Ra1 Qxa1+ 31.Nxa1 Rxb2
32.Bc7 R2b6 33.Bxb8 Rxb8 34.Qa5 Rb4 35.Qxa6 Bf8 36.Qa2 Nf6 37.Bb3 Kg8 38.Nc2 Rb7
39.Kf2 h5 40.Ke2 g4 41.Kd3 h4 42.Ne1 h3 43.Bd1 g3 44.gxh3 Bxh3 45.hxg3 fxg3
46.Ng2 Bxg2 47.Qxg2 Nh5 48.Kc2 Rg7 49.f4 Nxf4 50.Qg1 g2 51.Bf3 Rg3  0-1

[Event "58th ch-RUS w HL"]
[Site "Chelyabinsk RUS"]
[Date "2008.06.07"]
[Round "4"]
[White "Ivakhinova,I"]
[Black "Suslova,A"]
[Result "0-1"]
[WhiteElo "2265"]
[BlackElo "2177"]

1.d4 Nf6 2.c4 g6 3.Nc3 Bg7 4.e4 d6 5.Be2 O-O 6.Nf3 e5 7.Be3 exd4 8.Nxd4 Re8
9.f3 Nc6 10.Nb3 Be6 11.Rc1 Nd7 12.Qd2 Nce5 13.Nd5 Nb6 14.Nd4 c5 15.Bg5 f6
16.Nxe6 Rxe6 17.Bf4 Nc6 18.Nc3 Nd4 19.Bd3 Nd7 20.Nb5 Ne5 21.Nxd4 cxd4 22.Bb1 Nc6
23.b4 Qb6 24.a3 Kh8 25.Ba2 Ree8 26.Bxd6 f5 27.Bb1 Rad8 28.c5 Qa6 29.Qd3 fxe4
30.fxe4 Qxd3 31.Bxd3 Ne5 32.Ke2 Bh6 33.Rcd1 Nf7 34.Bg3 Ng5 35.e5 Nf7 36.Be4 Nxe5
37.Bxb7 d3+ 38.Kf1 Nc4 39.c6 Rf8+ 40.Bf2 Be3 41.c7 Rxf2+ 42.Ke1 Re2+ 43.Kf1 Rf8+  0-1

[Event "TCh-BIH"]
[Site "Neum BIH"]
[Date "2008.06.07"]
[Round "4"]
[White "Milekic,D"]
[Black "Gavric,M"]
[Result "0-1"]
[WhiteElo "2149"]
[BlackElo "2390"]

1.d4 Nf6 2.c4 g6 3.Nc3 Bg7 4.e4 O-O 5.Be2 d6 6.Nf3 e5 7.O-O exd4 8.Nxd4 Re8
9.f3 Nc6 10.Be3 Bd7 11.Qd2 a5 12.Rfd1 Nxd4 13.Bxd4 Bc6 14.Rac1 Nd7 15.Bf1 Nc5
16.Bf2 h5 17.b3 b6 18.Rc2 h4 19.Ne2 Qe7 20.Nd4 Bb7 21.g4 Nxe4 22.Qc1 Nxf2
23.Rxf2 Qe5 24.Bg2 Qc5 25.Qd2 Re7 26.f4 Bxd4 27.Qxd4 Qxd4 28.Rxd4 Re1+ 29.Rf1 Rxf1+
30.Kxf1 Bxg2+ 31.Kxg2 Re8 32.Kf2 Kg7 33.Rd1 f6 34.Kf3 Kf7 35.a3 Ke7 36.g5 Kf7
37.Rd3 f5 38.Rd1 Re4 39.a4 Ke6 40.Rc1 c6 41.Ra1 d5 42.cxd5+ Kxd5 43.Rc1 Rb4
44.Rc3 b5 45.axb5 cxb5 46.Ke3 Re4+ 47.Kf3 Re6 48.Rc8 Ra6 49.Ke3 a4 50.bxa4 bxa4
51.Rd8+ Kc5 52.Rc8+ Kb5 53.Kd4 a3  0-1

[Event "58th ch-RUS w HL"]
[Site "Chelyabinsk RUS"]
[Date "2008.06.08"]
[Round "5"]
[White "Pavlova,Al"]
[Black "Ubiennykh,E"]
[Result "1-0"]
[WhiteElo "2153"]
[BlackElo "2289"]

1.d4 Nf6 2.c4 g6 3.Nc3 Bg7 4.e4 d6 5.Nf3 O-O 6.Be2 e5 7.dxe5 dxe5 8.Qxd8 Rxd8
9.Bg5 Rf8 10.O-O-O Nc6 11.h3 h6 12.Be3 Kh7 13.g4 Ne8 14.g5 f6 15.h4 b6 16.Rdg1 fxg5
17.hxg5 h5 18.Nh4 Rh8 19.Nd5 Nd4 20.Bxd4 exd4 21.Ne7 Bf8 22.Nexg6 Rg8 23.Bxh5 Bd6
24.f4 Bb7 25.Nf5 Bxe4 26.Nf8+ Rxf8 27.Bf7+  1-0

[Event "ch-FIN"]
[Site "Mantta FIN"]
[Date "2008.06.08"]
[Round "7"]
[White "Nyback,T"]
[Black "Hartikainen,M"]
[Result "1-0"]
[WhiteElo "2587"]
[BlackElo "2334"]

1.d4 Nf6 2.c4 g6 3.Nc3 Bg7 4.e4 O-O 5.Nf3 d6 6.Be2 e5 7.Be3 Ng4 8.Bg5 f6
9.Bh4 g5 10.Bg3 Nh6 11.d5 Nd7 12.Nd2 f5 13.exf5 Nf6 14.Nde4 Nxe4 15.Nxe4 Nxf5
16.Bg4 h6 17.O-O b6 18.Rc1 a5 19.Re1 Qe8 20.b3 Qg6 21.Bh5 Qh7 22.a3 Nd4 23.b4 axb4
24.axb4 Ra2 25.c5 bxc5 26.bxc5 Bf5 27.cxd6 Bxe4 28.dxc7 Bc2 29.Qg4 Bf5 30.c8=Q Bxc8
31.Rxc8 Ne2+ 32.Kh1 Nxg3+ 33.fxg3 Rf2 34.Qe6+ Kh8 35.Bf3 Qg8 36.Rxf8 Qxf8
37.Kg1 Rc2 38.d6 Rd2 39.d7 Qc5+ 40.Kh1 Qd4 41.Qe8+ Kh7 42.h3  1-0

[Event "58th ch-RUS w HL"]
[Site "Chelyabinsk RUS"]
[Date "2008.06.09"]
[Round "6"]
[White "Ubiennykh,E"]
[Black "Suslova,A"]
[Result "1-0"]
[WhiteElo "2289"]
[BlackElo "2177"]

1.d4 Nf6 2.c4 g6 3.Nc3 Bg7 4.e4 d6 5.Nf3 O-O 6.Be2 e5 7.O-O exd4 8.Nxd4 Re8
9.Bf3 Nfd7 10.Be3 Ne5 11.Be2 Nbc6 12.h3 Nxd4 13.Bxd4 Be6 14.Nd5 c6 15.Ne3 c5
16.Bc3 Nc6 17.Bxg7 Kxg7 18.f4 Nd4 19.Bd3 f5 20.exf5 Bxf5 21.Nxf5+ gxf5 22.Bxf5 Qf6
23.Bd3 Re3 24.Qd2 Rae8 25.Rae1 Rxe1 26.Rxe1 Rxe1+ 27.Qxe1 Nf3+ 28.gxf3 Qd4+
29.Kg2 Qxd3 30.Qe7+ Kg8 31.Qxb7 Qe2+ 32.Kg3 Qe1+ 33.Kg4 Qg1+ 34.Kh5 Qg6+
35.Kh4 Qf6+ 36.Kg3 Qg6+ 37.Kf2 Qc2+ 38.Ke3 Qc1+ 39.Kd3 Qb1+ 40.Kc3 Qe1+ 41.Kb3 Qe3+
42.Ka4 Qxf4 43.b3 Qh2 44.Qc8+ Kg7 45.a3 Qe5 46.Qg4+ Kf7 47.Qe4 Qh8 48.h4 h5
49.f4 Kf6 50.b4 Qc8 51.b5 Qg8 52.Qd3 Ke7 53.f5 Qg7 54.Qe2+ Qe5 55.Qxh5 Qe4
56.Qh7+ Kf8 57.Qh6+ Ke7 58.Qe6+ Qxe6 59.fxe6 Kxe6 60.Kb3  1-0